Statistiques concernant Personnages du Seigneur des anneaux et du Hobbit

Cliquez ici pour prendre le quiz!

Statistiques générales

  • Ce quiz a été pris 1 052 fois
  • Le résultat moyen est 44 sur 72

Statistiques - réponses

HintRéponse% Correct
Gandalf
97%
Gandalf
97%
Legolas
97%
Legolas
97%
Compagnie de ThorinThorin
96%
HobbitsBilbon Saquet
95%
Bilbon Saquet
95%
La Communauté de l'AnneauFrodon Saquet
94%
Sam Gamegie
94%
Aragorn
93%
Gimli
92%
Peregrin Took
90%
Boromir
89%
Galadriel
89%
Galadriel
89%
ElfesElrond
87%
Elrond
87%
Balin
84%
Faramir
84%
Fili
84%
Kili
83%
Sauron
81%
Sauron
81%
Saroumane
80%
Saroumane
80%
ElfesArwen
73%
Gloin
73%
Gollum
73%
Gollum
73%
Theoden
73%
Meriadoc Brandebouc
72%
Bombur
70%
Eowyn
70%
Bofur
69%
Bifur
68%
Dwalin
68%
Eomer
67%
Thranduil
65%
Tauriel
64%
Oin
62%
Bard
61%
Nori
60%
Ori
60%
Radagast
60%
HommesDenethor
58%
AutresAzog le Profanateur
56%
Dori
55%
Smaug
51%
Grima Langue-de-Serpent
50%
Celeborn
48%
Thrain
47%
Thror
45%
Bolg
43%
Beorn
41%
NainsDain
41%
Sylvebarbe
35%
Haldir
34%
Bain
29%
Rosie Chaumine
28%
HommesAlfrid
27%
Deagol
27%
Roi-Sorcier d'Angmar
24%
Maitre de Lacville
22%
Sigrid
21%
Tilda
20%
AutresArachné
19%
Nazguls
17%
Gamelin
16%
Hama
16%
Lindir
13%
Hilda Bianca
6%
Grand Gobelin
5%

Distribution des résultats

Percentile par nombre de réponses

% des personnes avec chaque résultat

Votre développement - résultats

Vous n’avez pas pris ce quiz